| 000 | 01183nam0a22002891 4500 | ||
|---|---|---|---|
| 001 | rc\459448 | ||
| 005 | 20250621093039.0 | ||
| 035 | _a(NLR Aleph) 005703978 | ||
| 090 |
_a7307293 _c7307293 |
||
| 100 | _a20030616d1987 |||y0rusy50 ca | ||
| 101 | 0 | _arus | |
| 102 | _aRU | ||
| 105 | _ay ||||||||| | ||
| 200 | 1 |
_aЖизнь продолжается _eНовеллы _eПер. с евр. _fИосиф Бург |
|
| 210 |
_aМ. _cСов. писатель _d1987 |
||
| 215 |
_a390, [1] с. _d21 |
||
| 327 | 1 | _aСодерж.: Разделы: Под старыми небесами; Дороги жизни; Вокруг Черемоша; Сквозь дни и годы | |
| 464 | 0 |
_12001#$aПод старыми небесами _tПод старыми небесами |
|
| 464 | 0 |
_12001#$aДороги жизни _tДороги жизни |
|
| 464 | 0 |
_12001#$aВокруг Черемоша _tВокруг Черемоша |
|
| 464 | 0 |
_12001#$aСквозь дни и годы _tСквозь дни и годы |
|
| 700 | 1 |
_aБург _bИ.К. _gИосиф Кунович |
|
| 801 | 0 |
_aRU _bNLR _gpsbo |
|
| 801 | 1 |
_aRU _bELAR _2rusmarc |
|
| 852 |
_aNLR _j87-3/2019 |
||
| 942 | _cBOOK | ||
| 980 | _aNB | ||